Pravdepodobnosť a matematická štatistika Štatistické analýzy

Uložené v:
Podrobná bibliografia
Médium: Kniha
Jazyk:Slovak
Vydavateľské údaje: Bratislava Alfa 1989
Edícia:Edícia matematicko-fyzikálnej literatúry
Tagy: Pridať tag
Žiadne tagy, Buďte prvý, kto otaguje tento záznam!

MARC

LEADER 00000nam a2200000 4500
001 c037195
005 20260327072121.9
041 0 |a slo 
044 |a SK 
245 1 0 |a Pravdepodobnosť a matematická štatistika  |b Štatistické analýzy  |c František Lamoš, Rastislav Potocký 
264 1 |a Bratislava  |b Alfa  |c 1989 
300 |a 342 s. 
490 1 |a Edícia matematicko-fyzikálnej literatúry 
830 0 |a Edícia matematicko-fyzikálnej literatúry